000 05542cam a2200469 a 4500
001 ocm52127563
003 TZ-ArACH
005 20220304150505.0
008 010123s2001 enk b 000 0 eng
010 _a 2001086761
015 _aGBA1-Z1113
020 _a0754621545
020 _a9780754621546
035 _a(OCoLC)52127563
_z(OCoLC)46332816
_z(OCoLC)59545340
_z(OCoLC)79143944
040 _aDLC
_beng
_cTZ-ArACH
_dCKX
_dBAKER
_dNLGGC
_dUKV3G
_dUKM
_dGUL
_dLVB
_dBTCTA
_dYDXCP
_dNYDWH
041 _aEng
049 _aTZAA
050 0 0 _aKZ7288
_b.R658
082 0 0 _a341.7/7
_221
100 _aPoliti,M. & Nesi, G.
245 0 4 _aRome Statute of the International Criminal Court: a challenge to impunity /
_ba challenge to impunity /
_cedited by Mauro Politi, Giuseppe Nesi.
260 _aAldershot, Hants, England ;
_aBurlington, VT :
_bAshgate,
_c2001
300 _axx, 319 p. ;
_c23 cm.
500 _aContains papers delivered at an international meeting held in Trento in May 1999.
504 _aIncludes bibliographical references.
505 0 _a[pt. I.] The International Criminal Court: its main features. Some reflections on the Rome Conference / Giovanni Conso ; The Rome Statute of the ICC: rays of light and some shadows / Mauro Politi ; The experience of the preparatory committee / Adriaan Bos ; The International Criminal Court in perspective: from the Rome Conference to the years to come / John T. Holmes ; The International Criminal Court: the role of the Security Council / Elizabeth Wilmshurst ; The role of the Security Council and the independence of the International Criminal Court: some reflections / Nabil Elaraby ; The Rome Statute of the International Criminal Court: exceptions to the jurisdiction / Mahnoush H. Arsanjani ; The role of the prosecutor / Silvia A. Fernandez De Gurmendi ; The International Criminal Court: jurisdiction, trigger mechanism and relationship to national jurisdictions / Hans-Peter Kaul -- [pt. II.] The International Criminal Court and the international protection of human rights. Introductory remarks / Theodor Meron ; The Rome Statute of the International Criminal Court and human rights / Fausto Pocar ; Crimes against humanity and the Rome Statute of the International Criminal Court / Roger S. Clark ; War crimes in international armed conflicts / Gabriella Venturini ; War crimes and internal conflicts in the Statute of the International Criminal Court / Luigi Condorelli ; The protection of children's rights in the Statute of the International Criminal Court / John T. Holmes ; The status of the individual in the Statute of the International Criminal Court / Lamia Mekhemar ; State's crime and individuals' crimes: what relationship? / Giorgio Conetti -- [pt. III.] The international criminal justice system after the Rome Conference. The preventive and the repressive function of the International Criminal Court / Otto Triffterer ; The International Criminal Court and national jurisdictions / Flavia Lattanzi ; Follow up to Rome: preparing for entry into force of the Statute of the International Criminal Court / William A. Schabas ; Current political developments and their impact on the future of the International Criminal Court / Phani Dascalopoulou-Livada ; The obligation to cooperate with the International Criminal Court and states not party to the Statute / Giuseppe Nesi ; Observations on the appeal before the International Criminal Court / Patrizia De Cesari ; Some remarks on the settlement of disputes in the Rome Statute of the International Criminal Court / Francesca Trombetta-Panigadi ; The status of third states before the International Criminal Court / Gerhard Hafner ; Criminally protected legal interests at the international level after the Rome Statute / Lorenzo Picotti -- [pt. IV.] Prospects for the functioning of the International Criminal Court. Some practical remarks on the early functioning of the International Criminal Court / Tullio Treves ; Scenarios of implementation of the Statute of the International Criminal Court / W. Michael Reisman -- Round table: prospects for the functioning of the International Criminal Court / participants: Antonio Cassese, Philippe Kirsch, Béatrice Le Fraper du Hellen, Theodor Meron, Michael Reisman, Tullio Treves, interventions: Paolo Benvenuti, Annalisa Ciampi, Mauro Politi, Elisabeth Wilmshurst ; Conclusions / Francesco Paolo Fulci.
610 2 0 _aInternational Criminal Court.
_910403
610 2 4 _aInternational Criminal Court.
_tRome Statute of the International Criminal Court (1998)
_910404
610 2 7 _aInternational Criminal Court.
_910405
630 0 0 _aRome Statute of the International Criminal Court
_d(1998)
_910406
630 0 6 _aStatut de Rome de la Cour pénale internationale
_d(1998)
_910407
630 0 7 _aRome Statute of the International Criminal Court (1998)
_2unbisn
_910408
650 0 _aInternational criminal courts.
_910409
650 6 _aCrimes contre l'humanité
_xCongrès.
_910410
650 6 _aTribunaux criminels internationaux
_xCongrès.
_910411
650 1 7 _aInternational Criminal Courts
_910412
700 1 _aPoliti, Mauro.
_910413
700 1 _aNesi, Giuseppe.
_910414
776 0 8 _iOnline version:
_tRome Statute of the International Criminal Court.
_dAldershot, Hants, England ; Burlington, VT : Ashgate, c2001 (2002 printing)
_w(OCoLC)606542957
776 0 8 _iOnline version:
_tRome Statute of the International Criminal Court.
_dAldershot, Hants, England ; Burlington, VT : Ashgate, c2001 (2002 printing)
_w(OCoLC)630884894
942 _2lcc
_cBOOK
999 _c2280
_d2280